000 01233nam a2200325Ia 4500
001 ebr10062731
003 CaPaEBR
006 m u
007 cr cn|||||||||
008 980924s1999 enka sb 001 0 eng d
010 _z 98045307
020 _z0203214099
020 _z1857288920
040 _aCaPaEBR
_cCaPaEBR
035 _a(OCoLC)252947700
050 1 4 _aJZ1305
_b.P58 1999eb
082 0 4 _a327
_221
245 0 4 _aThe planetary interest
_h[electronic resource] :
_ba new concept for the global age /
_cKennedy Graham, editor.
260 _aLondon :
_bUCL Press,
_c1999.
300 _axxvi, 289 p. :
_bill.
504 _aIncludes bibliographical references (p. [275]-281) and index.
533 _aElectronic reproduction.
_bPalo Alto, Calif. :
_cebrary,
_d2009.
_nAvailable via World Wide Web.
_nAccess may be limited to ebrary affiliated libraries.
650 0 _aInternational relations.
650 0 _aSecurity, International.
650 0 _aInternational cooperation.
655 7 _aElectronic books.
_2local
700 1 _aGraham, Kennedy.
710 2 _aebrary, Inc.
856 4 0 _uhttp://site.ebrary.com/lib/rucke/Doc?id=10062731
_zAn electronic book accessible through the World Wide Web; click to view
999 _c47120
_d47120